[Event "Mondiale Semilampo 2016"]
[Site "Doha QAT"]
[Date "2016.12.28"]
[Round "14.53"]
[White "Tregubov, Pavel V."]
[Black "Gashimov, Sarkhan"]
[Result "1-0"]
[WhiteTitle "GM"]
[WhiteElo "2585"]
[BlackElo "2351"]
[WhiteFideId "4115341"]
[BlackFideId "13400657"]
[EventDate "2016.12.26"]

1. d4 Nf6 2. c4 e6 3. Nc3 Bb4 4. e3 Bxc3+ 5. bxc3 c5 6. Bd3 Nc6 7. Nf3 d6 8. O-O
e5 9. Qc2 O-O 10. Rb1 Qe7 11. dxe5 dxe5 12. Ng5 h6 13. Nh7 Nxh7 14. Bxh7+ Kh8
15. Be4 Qc7 16. Bd5 f5 17. e4 f4 18. f3 b6 19. Bd2 Bb7 20. Be1 Rad8 21. Bf2 Na5
22. Rfd1 Bc8 23. Qe2 Ba6 24. Kh1 Qd7 25. g3 Qa4 26. gxf4 exf4 27. Bh4 g5 28.
Bxg5 hxg5 29. Qg2 Qe8 30. Qxg5 Rd7 31. Rg1 Bxc4 32. Rg4 Bxd5 33. Rh4+ Rh7 34.
Rxh7+ Kxh7 35. Rg1 1-0

[Event "Mondiale Semilampo 2016"]
[Site "Doha QAT"]
[Date "2016.12.28"]
[Round "14.54"]
[White "Saeed, Ishaq"]
[Black "Al-Sayed, Mohammed"]
[Result "0-1"]
[WhiteTitle "FM"]
[BlackTitle "GM"]
[WhiteElo "2312"]
[BlackElo "2508"]
[WhiteFideId "9301453"]
[BlackFideId "12100196"]
[EventDate "2016.12.26"]

1. d4 d5 2. c4 c6 3. Nf3 Nf6 4. e3 Bg4 5. Nc3 e6 6. h3 Bh5 7. Qb3 Qc7 8. Bd2
Nbd7 9. Rc1 Qb6 10. g4 Bg6 11. Nh4 Be7 12. Nxg6 hxg6 13. g5 Ne4 14. Nxe4 dxe4
15. Rg1 Qxb3 16. axb3 Rh5 17. Rg4 Rxg5 18. Rxe4 Nf6 19. Re5 Rxe5 20. dxe5 Ne4
21. Bg2 Nxd2 22. Kxd2 O-O-O+ 23. Ke2 Rh8 24. Kd3 Kc7 25. Rh1 Kb6 26. f4 g5 27.
Bf3 Rd8+ 28. Kc2 gxf4 29. exf4 Rd4 30. f5 Rf4 31. Bg4 Rf2+ 32. Kc3 exf5 33. Bd1
a5 34. Rg1 g5 35. Bh5 Bb4+ 36. Kd3 Rd2+ 37. Ke3 Rxb2 38. Rf1 Rxb3+ 39. Ke2 Rxh3
40. Bxf7 f4 41. e6 Re3+ 42. Kd1 a4 43. Kc2 a3 44. Rg1 Re2+ 45. Kb3 Rb2+ 46. Ka4
a2 47. Ra1 Be7 48. Bg6 f3 49. Bd3 g4 50. Re1 Rb4+ 51. Ka3 Rb1+ 52. c5+ Bxc5+ 0-1

[Event "Mondiale Semilampo 2016"]
[Site "Doha QAT"]
[Date "2016.12.28"]
[Round "14.55"]
[White "Gholami, Aryan"]
[Black "Salinas Herrera, Pablo"]
[Result "1/2-1/2"]
[WhiteTitle "IM"]
[BlackTitle "IM"]
[WhiteElo "2422"]
[BlackElo "2466"]
[WhiteFideId "12513342"]
[BlackFideId "3407128"]
[EventDate "2016.12.26"]

1. e4 c5 2. Nf3 d6 3. c3 Nf6 4. Be2 Nbd7 5. d3 g6 6. O-O Bg7 7. Re1 b6 8. Bf1
Bb7 9. Nbd2 O-O 10. d4 cxd4 11. cxd4 e5 12. d5 Qe7 13. Nb1 a6 14. a4 Rfc8 15.
Nc3 Rc7 16. Be3 Rxc3 17. bxc3 Nxe4 18. c4 Nec5 19. Nd2 a5 20. Nb3 Na6 21. Rb1
Qd8 22. f4 Nb4 23. fxe5 Nxe5 24. Nd4 Rc8 25. Rc1 Na6 26. Nb5 Nc5 27. Rb1 Ba6 28.
Kh1 Qd7 29. h3 Rd8 30. Qc2 Bc8 31. Nc3 Qc7 32. Nb5 Qe7 33. Nd4 Qc7 34. Nb5 Qe7
35. Nd4 Qc7 1/2-1/2

[Event "Mondiale Semilampo 2016"]
[Site "Doha QAT"]
[Date "2016.12.28"]
[Round "14.56"]
[White "Hirneise, Jens"]
[Black "Tissir, Mohamed"]
[Result "0-1"]
[WhiteTitle "FM"]
[BlackTitle "IM"]
[WhiteElo "2315"]
[BlackElo "2376"]
[WhiteFideId "24614734"]
[BlackFideId "9000240"]
[EventDate "2016.12.26"]

1. e4 c5 2. Nf3 d6 3. d4 cxd4 4. Nxd4 Nf6 5. Nc3 a6 6. Be3 Nbd7 7. g4 h6 8. f3
e6 9. Qd2 b5 10. a3 Bb7 11. O-O-O d5 12. exd5 Nxd5 13. Nxd5 Bxd5 14. Rg1 Qc7 15.
Bf4 Qb6 16. Be3 Qc7 17. f4 Rc8 18. Bg2 Nf6 19. Bxd5 Nxd5 20. Kb1 b4 21. a4 Bc5
22. Rg2 Qb6 23. a5 Qb7 24. Rdg1 Rd8 25. Bf2 Nc3+ 26. Kc1 Ne4 27. Qe2 Bxd4 28.
Bxd4 Rxd4 29. Qf3 Qd5 0-1

[Event "Mondiale Semilampo 2016"]
[Site "Doha QAT"]
[Date "2016.12.28"]
[Round "14.57"]
[White "Kayumov, Sergey"]
[Black "Bosiocic, Marin"]
[Result "0-1"]
[WhiteTitle "GM"]
[BlackTitle "GM"]
[WhiteElo "2505"]
[BlackElo "2591"]
[WhiteFideId "14200880"]
[BlackFideId "14507927"]
[EventDate "2016.12.26"]

1. Nf3 d5 2. b3 Bg4 3. Ne5 Bf5 4. d4 Nd7 5. Bb2 Ngf6 6. e3 e6 7. Nd2 c6 8. Bd3
Bxd3 9. cxd3 Nxe5 10. dxe5 Nd7 11. O-O Qb6 12. Nf3 Be7 13. Nd4 c5 14. Ne2 Nb8
15. Nf4 g6 16. Rb1 Nc6 17. a3 Rd8 18. Kh1 d4 19. exd4 Nxd4 20. Ba1 O-O 21. Qg4
Kh8 22. h4 Nf5 23. h5 g5 24. Nh3 Rg8 25. Rfd1 Nh6 26. Qe4 g4 27. Nf4 g3 28. f3
Nf5 29. b4 cxb4 30. d4 Bg5 31. Rxb4 Qc6 32. d5 Bxf4 33. Qxf4 Rxd5 34. Rc1 Qd7
35. Rbb1 Rd8 36. Re1 Qe7 37. Rb4 Rd1 38. Re4 Rxe1+ 39. Rxe1 Qh4+ 40. Qxh4 Nxh4
41. Bc3 Nf5 42. Kg1 Kg7 43. Kf1 Kh6 44. Ke2 Kxh5 45. Rb1 Rd7 46. a4 Kg6 47. a5
h5 48. Rb4 h4 49. Rg4+ Kh7 50. Rc4 b5 51. axb6 axb6 52. Rb4 Rc7 53. Bd2 Rc5 54.
Re4 b5 55. Kd3 Rd5+ 56. Kc2 Rc5+ 57. Kd3 Rc4 58. Re1 Rd4+ 59. Kc2 b4 60. Rb1 Kg6
61. Bxb4 Ne3+ 62. Kc3 Rf4 63. Be7 Nd5+ 0-1

[Event "Mondiale Semilampo 2016"]
[Site "Doha QAT"]
[Date "2016.12.28"]
[Round "14.58"]
[White "Stratonowitsch, Andre"]
[Black "Christiansen, Johan-Sebastian"]
[Result "0-1"]
[BlackTitle "IM"]
[WhiteElo "2138"]
[BlackElo "2429"]
[WhiteFideId "24613959"]
[BlackFideId "1512668"]
[EventDate "2016.12.26"]

1. e4 e6 2. d4 d5 3. Nc3 Nf6 4. Bg5 dxe4 5. Nxe4 Be7 6. Nxf6+ Bxf6 7. Bxf6 Qxf6
8. Nf3 c5 9. c3 cxd4 10. Qxd4 Qxd4 11. Nxd4 a6 12. Bd3 Nd7 13. O-O Nc5 14. Bc2
Ke7 15. Rad1 Bd7 16. Rd2 Rhc8 17. Re1 g6 18. Nf3 Be8 19. Nd4 Rab8 20. Bd1 b5 21.
Nb3 Nb7 22. Bf3 Nd6 23. Na5 b4 24. cxb4 Rxb4 25. Red1 Rb6 26. g3 Ba4 27. b3 Be8
28. Be2 Ne4 29. Nc4 Nxd2 30. Nxb6 Rc2 31. Bxa6 Nf3+ 32. Kg2 Bc6 33. h3 Ng5+ 34.
Kf1 Nxh3 35. Be2 Rxa2 36. Nc8+ Kf6 37. Nd6 Rb2 38. Rd3 Bd5 39. Nc4 Rb1+ 40. Bd1
Ng5 41. Ne3 Bc6 42. Rc3 Bf3 43. Ke1 Ke5 0-1

[Event "Mondiale Semilampo 2016"]
[Site "Doha QAT"]
[Date "2016.12.28"]
[Round "14.59"]
[White "Neelotpal, Das"]
[Black "khayat, Abdullah F"]
[Result "1-0"]
[WhiteTitle "GM"]
[WhiteElo "2463"]
[BlackElo "1732"]
[WhiteFideId "5003512"]
[BlackFideId "21500460"]
[EventDate "2016.12.26"]

1. e4 c6 2. d4 d5 3. e5 Bf5 4. Nf3 e6 5. Be2 h6 6. O-O Ne7 7. Nbd2 Bh7 8. Nb3
Ng6 9. Bd2 Be7 10. Na5 b6 11. Nb3 O-O 12. c4 Nd7 13. Rc1 Qc7 14. cxd5 exd5 15.
Ne1 c5 16. f4 c4 17. f5 Nh4 18. Bg4 h5 19. Bh3 Qd8 20. Na1 Bg5 21. g3 Bxd2 22.
Qxd2 g6 23. f6 Nf5 24. Rxf5 gxf5 25. Qh6 Nxf6 26. exf6 1-0

[Event "Mondiale Semilampo 2016"]
[Site "Doha QAT"]
[Date "2016.12.28"]
[Round "15.4"]
[White "Yu, Yangyi"]
[Black "Dominguez Perez, Leinier"]
[Result "1-0"]
[WhiteTitle "GM"]
[BlackTitle "GM"]
[WhiteElo "2729"]
[BlackElo "2739"]
[WhiteFideId "8603820"]
[BlackFideId "3503240"]
[EventDate "2016.12.26"]

1. e4 e5 2. Nf3 Nc6 3. d4 exd4 4. Nxd4 Nf6 5. Nxc6 bxc6 6. e5 Qe7 7. Qe2 Nd5 8.
c4 Nb6 9. Nc3 Qe6 10. Qe4 g6 11. Bd2 Bg7 12. c5 Nd5 13. Bc4 Qxe5 14. Qxe5+ Bxe5
15. Bxd5 cxd5 16. O-O-O O-O 17. Nxd5 Rb8 18. Bc3 Bxc3 19. Nxc3 Re8 20. Rhe1 Rxe1
21. Rxe1 Bb7 22. g3 Bc6 23. Kc2 Kg7 24. b3 g5 25. a3 a5 26. Rb1 Kf6 27. b4 axb4
28. axb4 Kf5 29. b5 Be4+ 30. Nxe4 Kxe4 31. Kc3 Kf3 32. Rb2 f5 33. Kd4 f4 34.
gxf4 gxf4 35. b6 cxb6 36. cxb6 Kg2 37. h4 Kf3 38. h5 h6 39. b7 Kg4 40. Ke5 Kxh5
41. Kxf4 Kh4 42. Ke5 Kg4 43. Kd6 h5 44. Kxd7 h4 45. Rb4+ Kf3 46. Kc7 Rh8 47.
b8=Q Rxb8 48. Kxb8 h3 49. Rh4 1-0

[Event "Mondiale Semilampo 2016"]
[Site "Doha QAT"]
[Date "2016.12.28"]
[Round "15.5"]
[White "Aronian, Levon"]
[Black "Cheparinov, Ivan"]
[Result "1/2-1/2"]
[WhiteTitle "GM"]
[BlackTitle "GM"]
[WhiteElo "2785"]
[BlackElo "2689"]
[WhiteFideId "13300474"]
[BlackFideId "2905540"]
[EventDate "2016.12.26"]

1. c4 e6 2. g3 d5 3. Bg2 dxc4 4. Qa4+ Nd7 5. Qxc4 c5 6. Nf3 Ngf6 7. O-O b6 8.
Nd4 Ne5 9. Nc6 Nxc4 10. Nxd8 Nd5 11. Nc3 Kxd8 12. Nxd5 Bb7 13. Nc3 Bxg2 14. Kxg2
Be7 15. Rd1 Bf6 16. d4 Ke7 17. dxc5 Bxc3 18. bxc3 bxc5 19. Kf3 1/2-1/2

[Event "Mondiale Semilampo 2016"]
[Site "Doha QAT"]
[Date "2016.12.28"]
[Round "15.6"]
[White "Korobov, Anton"]
[Black "Anton Guijarro, David"]
[Result "0-1"]
[WhiteTitle "GM"]
[BlackTitle "GM"]
[WhiteElo "2692"]
[BlackElo "2650"]
[WhiteFideId "14105730"]
[BlackFideId "2285525"]
[EventDate "2016.12.26"]

1. d4 Nf6 2. c4 e6 3. Nf3 b6 4. a3 Bb7 5. Nc3 d5 6. cxd5 Nxd5 7. e3 Nxc3 8. bxc3
Be7 9. Bd3 O-O 10. O-O c5 11. Bb2 Nc6 12. Qe2 Rc8 13. Rad1 cxd4 14. cxd4 Bf6 15.
Nd2 Na5 16. f4 g6 17. Nf3 Qd5 18. e4 Qd8 19. Ne5 Bg7 20. f5 exf5 21. exf5 Bd5
22. Qf2 f6 23. Ng4 g5 24. Ne3 Re8 25. Nxd5 Qxd5 26. Rde1 Nc4 27. Rxe8+ Rxe8 28.
Qf3 Qf7 29. Bc1 Rd8 30. Qe4 Bf8 31. Kh1 b5 32. a4 bxa4 33. Bb1 Nd6 34. Qe2 Re8
35. Qf2 Kg7 36. Ba2 Qh5 37. Be6 Ne4 38. Qf3 Qxf3 39. gxf3 Nc3 40. Bb2 Ne2 41.
Ba1 Rb8 42. Kg2 a3 43. Kf2 Nf4 44. Ke3 Re8 45. Rb1 Nxe6 46. fxe6 Rxe6+ 47. Kd3
Rb6 48. Rc1 Bd6 49. h3 Kg6 50. Rc4 a5 51. Ke4 Rb1 52. Bc3 Bb4 0-1

[Event "Mondiale Semilampo 2016"]
[Site "Doha QAT"]
[Date "2016.12.28"]
[Round "15.7"]
[White "Jakovenko, Dmitry"]
[Black "Anand, Viswanathan"]
[Result "1/2-1/2"]
[WhiteTitle "GM"]
[BlackTitle "GM"]
[WhiteElo "2704"]
[BlackElo "2779"]
[WhiteFideId "4122356"]
[BlackFideId "5000017"]
[EventDate "2016.12.26"]

1. d4 Nf6 2. c4 e6 3. Nf3 d5 4. Nc3 Bb4 5. Bg5 h6 6. Bxf6 Qxf6 7. e3 O-O 8. Rc1
dxc4 9. Bxc4 c5 10. O-O cxd4 11. Ne4 Qe7 12. a3 Ba5 13. Qxd4 Rd8 14. Qc5 Qxc5
15. Nxc5 Nd7 16. Ne4 Nf6 17. Nxf6+ gxf6 18. Rfd1 1/2-1/2

[Event "Mondiale Semilampo 2016"]
[Site "Doha QAT"]
[Date "2016.12.28"]
[Round "15.16"]
[White "Nguyen, Ngoc Truong Son"]
[Black "Inarkiev, Ernesto"]
[Result "1-0"]
[WhiteTitle "GM"]
[BlackTitle "GM"]
[WhiteElo "2629"]
[BlackElo "2709"]
[WhiteFideId "12401110"]
[BlackFideId "4162722"]
[EventDate "2016.12.26"]

1. d4 Nf6 2. Nf3 e6 3. Bf4 b6 4. e3 Bb7 5. Nbd2 g6 6. Bd3 Bg7 7. O-O O-O 8. h3
d6 9. Re1 Nbd7 10. e4 Nh5 11. Bh2 e5 12. c3 Qe7 13. Qc2 Bh6 14. Bb5 c6 15. Bf1
f6 16. a4 a6 17. Qb3+ Kh8 18. Nc4 b5 19. Na5 Rab8 20. Nxb7 Rxb7 21. axb5 axb5
22. Ra6 Nb8 23. Ra8 Bf4 24. d5 Bxh2+ 25. Kxh2 cxd5 26. Qxd5 Nf4 27. Qd2 Rd8 28.
g3 Ne6 29. Nh4 Kg7 30. Rea1 Nc5 31. Qe1 Nc6 32. b4 Ne6 33. Ng2 Rxa8 34. Rxa8 Nc7
35. Ra1 d5 36. exd5 Nxd5 37. Ne3 Nxe3 38. Qxe3 Qd7 39. Bg2 Rc7 40. Qb6 Na7 41.
Ra6 Qe7 42. h4 Rd7 43. Qb8 Kh6 44. Bh3 Rc7 45. Re6 Qf7 46. Qd8 Kg7 47. Rxf6 Qxf6
48. Qxc7+ Qf7 49. Qxe5+ Kf8 50. Qc5+ Kg7 51. Qd4+ Kf8 52. Bd7 g5 53. Qxa7 gxh4
54. Qc5+ Kg7 55. Qg5+ Kf8 56. Qf5 1-0

[Event "Mondiale Semilampo 2016"]
[Site "Doha QAT"]
[Date "2016.12.28"]
[Round "15.17"]
[White "Li, Chao b"]
[Black "Volokitin, Andrei"]
[Result "1/2-1/2"]
[WhiteTitle "GM"]
[BlackTitle "GM"]
[WhiteElo "2720"]
[BlackElo "2649"]
[WhiteFideId "8604436"]
[BlackFideId "14107090"]
[EventDate "2016.12.26"]

1. d4 Nf6 2. c4 g6 3. Nc3 d5 4. cxd5 Nxd5 5. g3 Bg7 6. Bg2 Nxc3 7. bxc3 c5 8.
Nf3 Nc6 9. Be3 O-O 10. O-O Qc7 11. d5 Ne5 12. Nxe5 Bxe5 13. Rc1 c4 14. Bh6 Rd8
15. Kh1 e6 16. Bg5 Rd6 17. e4 exd5 18. exd5 Bf5 19. Re1 Rd7 20. Qe2 Bg7 21. Bf4
Qc5 22. Be3 Qc7 23. Bf4 Qc5 24. Be3 Qc7 1/2-1/2

[Event "Mondiale Semilampo 2016"]
[Site "Doha QAT"]
[Date "2016.12.28"]
[Round "15.20"]
[White "Karjakin, Sergey"]
[Black "Matlakov, Maxim"]
[Result "1-0"]
[WhiteTitle "GM"]
[BlackTitle "GM"]
[WhiteElo "2785"]
[BlackElo "2694"]
[WhiteFideId "14109603"]
[BlackFideId "4168003"]
[EventDate "2016.12.26"]

1. e4 e5 2. Nf3 Nc6 3. Bc4 Bc5 4. O-O Nf6 5. d3 O-O 6. a4 a6 7. h3 d6 8. c3 Ne7
9. Nbd2 Ng6 10. Re1 Ba7 11. d4 c6 12. b4 exd4 13. cxd4 d5 14. exd5 Nxd5 15. b5
axb5 16. axb5 Be6 17. bxc6 bxc6 18. Ra6 Bb6 19. Rxa8 Qxa8 20. Ng5 Bxd4 21. Ndf3
Bf6 22. Nxe6 fxe6 23. Rxe6 Kh8 24. g3 Nc3 25. Qc2 c5 26. Ng5 Qd8 27. Nxh7 Kxh7
28. Bd3 Kh8 29. Bxg6 Bd4 30. Be3 Qd5 31. Bxd4 Qxd4 32. Qf5 Qd1+ 33. Kh2 Rd8 34.
Rf6 1-0

[Event "Mondiale Semilampo 2016"]
[Site "Doha QAT"]
[Date "2016.12.28"]
[Round "15.21"]
[White "Adhiban, Baskaran"]
[Black "Wojtaszek, Radoslaw"]
[Result "1/2-1/2"]
[WhiteTitle "GM"]
[BlackTitle "GM"]
[WhiteElo "2666"]
[BlackElo "2749"]
[WhiteFideId "5018471"]
[BlackFideId "1118358"]
[EventDate "2016.12.26"]

1. d4 Nf6 2. Nf3 d5 3. e3 e6 4. Bd3 c5 5. b3 Nbd7 6. O-O b6 7. Bb2 Bb7 8. Nbd2
Be7 9. Qe2 O-O 10. c4 cxd4 11. exd4 Re8 12. Ne5 dxc4 13. bxc4 Nxe5 14. dxe5 Nd7
15. Rad1 Qc7 16. f4 Nc5 17. Bc2 g6 18. Nf3 Bxf3 19. Qxf3 Rad8 20. g3 Rxd1 21.
Rxd1 Rd8 22. Kg2 Rxd1 23. Qxd1 Nb7 24. Qd3 Na5 25. Bb3 Bb4 26. Bc1 h5 27. Qe4
Qd7 28. Be3 Nb7 29. Bc2 Bc5 30. Bc1 Na5 31. h3 Bd4 32. Bb3 Nb7 33. Ba3 Nc5 34.
Bxc5 Bxc5 35. h4 Qd2+ 36. Kh3 Qf2 37. Qg2 Qd4 38. Qe2 Qc3 39. Bc2 a5 40. Kg2 Qd4
41. Kh3 Qb2 42. a4 Kg7 43. Kg2 Qc1 44. Be4 Qg1+ 45. Kh3 Qa1 46. Bc6 Qc3 47. Kg2
Be3 48. Bb5 Bd2 49. Bc6 Be1 50. Bf3 Qb4 51. Kh3 Bd2 52. Bc6 Qc3 53. Kg2 Bc1 54.
Bb5 Be3 55. Bc6 Qc1 56. Kh3 Bd4 57. Kg2 Qc3 58. Kh3 Be3 59. Kg2 Bd2 60. Bf3 Bc1
61. Bc6 Qb3 62. Kh2 Be3 63. Kg2 Bc5 64. Kh2 Qb1 65. Kh3 Qg1 66. Bg2 Qb1 67. Bc6
Qb3 68. Kg2 Be3 69. Kh2 Qc3 70. Kg2 1/2-1/2

[Event "Mondiale Semilampo 2016"]
[Site "Doha QAT"]
[Date "2016.12.28"]
[Round "15.22"]
[White "Tomashevsky, Evgeny"]
[Black "Ganguly, Surya Shekhar"]
[Result "0-1"]
[WhiteTitle "GM"]
[BlackTitle "GM"]
[WhiteElo "2716"]
[BlackElo "2668"]
[WhiteFideId "4147235"]
[BlackFideId "5002150"]
[EventDate "2016.12.26"]

1. Nf3 d5 2. g3 Nf6 3. Bg2 e6 4. O-O Be7 5. c4 O-O 6. b3 c5 7. Bb2 d4 8. e3 Nc6
9. exd4 cxd4 10. Re1 Bc5 11. Ba3 Nd7 12. d3 Re8 13. Nfd2 Bxa3 14. Nxa3 Nc5 15.
Ne4 Nxe4 16. Bxe4 e5 17. Qd2 a5 18. c5 Bh3 19. Nc4 f5 20. Bh1 Qf6 21. Nd6 Re7
22. f4 Rf8 23. a3 h6 24. b4 exf4 25. Rxe7 Qxe7 26. Re1 Qc7 27. b5 Nd8 28. Qa2+
Kh7 29. Qd5 fxg3 30. hxg3 f4 31. Be4+ Kh8 32. Qh5 Ne6 33. Qxh3 Ng5 34. Qh5 Qxc5
35. Nf5 Rxf5 36. Bxf5 Qxf5 37. Qe2 f3 38. Qe8+ Kh7 39. Rf1 Qxd3 40. Qe1 Ne4 0-1

[Event "Mondiale Semilampo 2016"]
[Site "Doha QAT"]
[Date "2016.12.28"]
[Round "15.23"]
[White "Salem, A.R. Saleh"]
[Black "Banikas, Hristos"]
[Result "0-1"]
[WhiteTitle "GM"]
[BlackTitle "GM"]
[WhiteElo "2656"]
[BlackElo "2568"]
[WhiteFideId "9301348"]
[BlackFideId "4202031"]
[EventDate "2016.12.26"]

1. d4 Nf6 2. c4 g6 3. Nc3 Bg7 4. e4 d6 5. h3 O-O 6. Be3 Na6 7. Bd3 c6 8. Nf3 e5
9. d5 Nh5 10. g3 cxd5 11. cxd5 Nc5 12. Be2 f5 13. exf5 gxf5 14. Ng5 Nf6 15. Bxc5
dxc5 16. g4 Nxg4 17. Ne6 Bxe6 18. dxe6 Qh4 19. Bxg4 fxg4 20. Ne4 gxh3 21. Qd3
Rf4 22. Rxh3 Rxe4+ 23. Kf1 Rd4 24. Qf5 Rf8 25. e7 Qxe7 26. Qxh7+ Kf7 27. Re1 Ke8
28. Rg3 Bf6 29. Qh3 Kd8 30. b4 c4 31. Ra3 Bh4 32. Rxa7 Kc7 33. b5 Rxf2+ 34. Kg1
Qg5+ 35. Kh1 Qf5 36. b6+ Kxb6 0-1

[Event "Mondiale Semilampo 2016"]
[Site "Doha QAT"]
[Date "2016.12.28"]
[Round "15.24"]
[White "Riazantsev, Alexander"]
[Black "Bortnyk, Olexandr"]
[Result "1/2-1/2"]
[WhiteTitle "GM"]
[BlackTitle "GM"]
[WhiteElo "2671"]
[BlackElo "2581"]
[WhiteFideId "4125029"]
[BlackFideId "14120828"]
[EventDate "2016.12.26"]

1. d4 Nf6 2. c4 g6 3. Nc3 d6 4. e4 Bg7 5. Be2 O-O 6. Be3 a6 7. h3 Nbd7 8. Nf3 c5
9. O-O cxd4 10. Nxd4 Nc5 11. Bf3 e5 12. Nc2 Be6 13. b3 b5 14. cxb5 axb5 15. Bxc5
dxc5 16. Nxb5 Qa5 17. Qe2 Rfd8 18. Rfd1 Bh6 19. Nba3 Qc3 20. Rxd8+ Rxd8 21. Rd1
Ra8 22. Nb5 Qa5 23. Qd3 Rc8 24. Nca3 Bf8 25. Qc3 Qxc3 26. Nxc3 c4 27. Nxc4 Bxc4
28. bxc4 Rxc4 29. Nd5 Kg7 30. Nxf6 Kxf6 31. Rd2 Bb4 32. Re2 Rc1+ 33. Kh2 Bc5 34.
g3 h5 35. h4 Bd4 36. Kg2 Bc3 37. Kh2 Ke7 38. Bg2 Kd6 39. Bh3 Bd4 40. Kg2 Ke7 41.
Rd2 Kd6 42. g4 hxg4 43. Bxg4 Ke7 44. h5 gxh5 45. Bxh5 Re1 46. Be2 Rc1 47. Bd1
Rb1 48. Bb3 Rb2 49. Rxb2 Bxb2 50. a4 Bc3 51. Kf3 f6 52. Ke2 Kd6 53. Kd3 Be1 54.
Ke2 Bb4 55. Bf7 Kc5 56. Be8 Kb6 57. Kd3 Be1 58. f3 Ka5 59. Kc4 Bg3 60. Kd5 1/2-1/2

[Event "Mondiale Semilampo 2016"]
[Site "Doha QAT"]
[Date "2016.12.28"]
[Round "15.25"]
[White "Quparadze, Giga"]
[Black "Howell, David W L"]
[Result "1/2-1/2"]
[WhiteTitle "IM"]
[BlackTitle "GM"]
[WhiteElo "2481"]
[BlackElo "2644"]
[WhiteFideId "13602250"]
[BlackFideId "410608"]
[EventDate "2016.12.26"]

1. e4 e5 2. Nf3 Nc6 3. Bb5 a6 4. Ba4 Nf6 5. O-O Be7 6. Re1 b5 7. Bb3 d6 8. h3
O-O 9. c3 Na5 10. Bc2 c5 11. d4 Nd7 12. Nbd2 exd4 13. cxd4 Nc6 14. d5 Nce5 15.
b3 Bf6 16. Rb1 Re8 17. Nxe5 Nxe5 18. f4 Ng6 19. Nf3 a5 20. e5 dxe5 21. Bxg6 hxg6
22. fxe5 Bf5 23. Rb2 Bh4 24. Nxh4 Qxh4 25. Rf2 Rad8 26. Bb2 c4 27. Qf3 Rd7 28.
Re3 Qd8 29. g4 Bd3 30. d6 Qa8 31. Qf4 Qd5 32. h4 b4 33. bxc4 Qxc4 34. Qf3 Bb1
35. h5 Qe6 36. Bd4 Rc8 37. hxg6 Bxg6 38. Bb2 a4 39. Rh2 Qxa2 40. Re1 Qb3 41. Re3
Qa2 42. Re1 Qb3 43. Qxb3 axb3 44. Re3 Rc2 45. Rxb3 Rxh2 46. Kxh2 Rb7 47. Kg3 Kf8
48. Ba3 Ke8 49. Bxb4 Kd7 50. Kf4 Ke6 51. Rb2 Rb5 52. Kf3 Kd7 53. Rb3 Bc2 54. Rb2
Bg6 55. Kf4 Ke6 56. Ke3 Rxe5+ 57. Kd4 Rd5+ 58. Kc3 Be4 59. Re2 f5 60. gxf5+ Kxf5
61. Rf2+ Ke6 62. Rf8 Rd1 63. Re8+ Kf5 64. Rf8+ Ke6 65. Re8+ Kf5 66. Bc5 Bc6 67.
Re7 Rc1+ 68. Kb4 Rb1+ 69. Ka3 Rb7 70. Bd4 Rxe7 1/2-1/2

[Event "Mondiale Semilampo 2016"]
[Site "Doha QAT"]
[Date "2016.12.28"]
[Round "15.26"]
[White "Zhigalko, Sergei"]
[Black "Amin, Bassem"]
[Result "1/2-1/2"]
[WhiteTitle "GM"]
[BlackTitle "GM"]
[WhiteElo "2671"]
[BlackElo "2662"]
[WhiteFideId "13502956"]
[BlackFideId "10601457"]
[EventDate "2016.12.26"]

1. e4 e5 2. Nf3 Nc6 3. Bc4 Nf6 4. Ng5 d5 5. exd5 Na5 6. Bb5+ c6 7. dxc6 bxc6 8.
Bd3 Nd5 9. Nf3 Bd6 10. O-O O-O 11. Re1 Re8 12. Nc3 f5 13. Nxd5 cxd5 14. Bb5 Bd7
15. Bxd7 Qxd7 16. d3 Nc6 17. c4 d4 18. Bd2 a5 19. c5 Bc7 20. a3 Qd5 21. Qc2 h6
22. Nh4 e4 23. Ng6 Qf7 24. Nf4 e3 25. fxe3 dxe3 26. Rxe3 Nd4 27. Rxe8+ Rxe8 28.
Qa4 Nb3 29. Re1 Rxe1+ 30. Bxe1 Nxc5 31. Qc6 Bxf4 32. Qxc5 a4 33. g3 Bg5 34. Bc3
Kh7 35. Qd4 Qe7 36. Qe5 Qd7 37. Qd4 Qe7 38. Kf1 Qb7 39. Qf2 Qd5 40. Ke2 Qe6+ 41.
Kf1 Qd5 42. Ke2 Qe6+ 43. Kd1 Qd5 44. Ke2 Qe6+ 45. Kf1 Qd5 46. Ke2 1/2-1/2

[Event "Mondiale Semilampo 2016"]
[Site "Doha QAT"]
[Date "2016.12.28"]
[Round "15.27"]
[White "Malakhov, Vladimir"]
[Black "Najer, Evgeniy"]
[Result "1/2-1/2"]
[WhiteTitle "GM"]
[BlackTitle "GM"]
[WhiteElo "2713"]
[BlackElo "2679"]
[WhiteFideId "4120787"]
[BlackFideId "4118987"]
[EventDate "2016.12.26"]

1. e4 c6 2. d3 d5 3. Nd2 g6 4. Ngf3 Bg7 5. g3 dxe4 6. Nxe4 Nd7 7. Bg2 Ngf6 8.
Nxf6+ Nxf6 9. O-O O-O 10. d4 Bg4 11. h3 Bxf3 12. Bxf3 Qd7 13. Kg2 Rfd8 14. c3 a5
15. a4 Nd5 16. Qb3 e6 17. Bg5 Bf6 18. Bxd5 Bxg5 19. Bf3 Bf6 1/2-1/2

[Event "Mondiale Semilampo 2016"]
[Site "Doha QAT"]
[Date "2016.12.28"]
[Round "15.28"]
[White "Onischuk, Vladimir"]
[Black "Henriquez Villagra, Cristobal"]
[Result "0-1"]
[WhiteTitle "GM"]
[BlackTitle "IM"]
[WhiteElo "2601"]
[BlackElo "2517"]
[WhiteFideId "14114038"]
[BlackFideId "3409350"]
[EventDate "2016.12.26"]

1. e4 c5 2. Nf3 d6 3. d4 cxd4 4. Nxd4 Nf6 5. Nc3 Nc6 6. g3 g6 7. Bg2 Bd7 8. O-O
Bg7 9. Nde2 O-O 10. h3 Rb8 11. a4 a6 12. Nd5 b5 13. axb5 axb5 14. Bg5 Nxd5 15.
exd5 Ne5 16. Nd4 h6 17. Bc1 Qb6 18. Kh1 b4 19. b3 Ng4 20. Bb2 Nf6 21. Re1 Rfe8
22. Qd3 Qc5 23. Nc6 Bxc6 24. dxc6 Ng4 25. hxg4 Bxb2 26. Rab1 Bc3 27. Re2 e6 28.
f4 h5 29. f5 hxg4 30. fxe6 Kg7 31. Bd5 fxe6 32. Bxe6 Rh8+ 33. Kg2 Qh5 34. Bxg4
Qh2+ 35. Kf3 Rhf8+ 36. Ke4 Qh6 37. Qd5 Rbe8+ 38. Kd3 Rxe2 39. Bxe2 Qd2+ 40. Kc4
Qxe2+ 41. Qd3 Qe6+ 42. Qd5 Qg4+ 43. Kb5 Rb8+ 44. Ka5 Qc8 45. Qxd6 Qf5+ 46. Ka6
Qb5+ 0-1